000 00594nam a2200217Ia 4500
003 OSt
005 20220918191941.0
006 a|||||r|||| 00| 0
007 ta
008 220917b |||||||| |||| 00| 0 eng d
024 _a66,100
037 _cTextual
040 _aARTS
_cARTS
_beng
041 _2eng
_aeng
082 _aR2, M11
100 _aLebniz G W
_977824
245 0 _aNew essays on human understanding tr and ed by Peter Remnant and Johnathan Bennett
260 _acambridge
_bCUP
_c1981
942 _hR2, M11
_cTEXL
_2CC
999 _c192334
_d192334